[Event "Mondiale Lampo FIDE 2022"]
[Site "Alma Ata"]
[Date "29.12.2022"]
[Round "8.53"]
[White "Svane, Frederik"]
[Black "Svane, Rasmus"]
[Result "1-0"]
[WhiteTitle ""]
[BlackTitle ""]
[WhiteElo "2568"]
[BlackElo "2622"]
[WhiteFideId "12923044"]
[BlackFideId "4657101"]
[EventDate "29.12.2022"]

1. e4 c6 2. d4 d5 3. exd5 cxd5 4. c3 Nc6 5. Nf3 Qc7 6. g3 Bf5 7. Bf4 Qd7 8. Nbd2
e6 9. Nh4 Bg6 10. Nxg6 hxg6 11. Bg2 Bd6 12. Bxd6 Qxd6 13. Qe2 Nge7 14. h4 O-O-O
15. O-O-O Kb8 16. Kb1 Rc8 17. Nb3 Qc7 18. h5 gxh5 19. Rxh5 g6 20. Rxh8 Rxh8 21.
Rh1 Rxh1+ 22. Bxh1 Nf5 23. Nc5 Ncxd4 24. cxd4 Nxd4 25. Qe5 Nc6 26. Qh8+ Qd8 27.
Qxd8+ Nxd8 28. Kc2 Kc7 29. Nd3 Kd6 30. Kc3 a5 31. Bg2 b6 32. f4 f6 33. Nf2 e5
34. Ng4 Ke6 35. Bh3 e4 36. Ne3+ Kd6 37. Nc2 f5 38. Nd4 Nb7 39. Bf1 Nc5 40. Bb5
Ke7 41. Bc6 Nd3 42. Bxd5 Kf6 43. Bc4 Nf2 44. Kd2 g5 45. Ne2 gxf4 46. gxf4 Ng4
47. Nc3 Kg6 48. Nd5 Kh5 49. Ne3 Nh6 50. Be6 Kg6 51. Nd5 b5 52. a3 Kh5 53. Ne3
Kg6 54. b4 axb4 55. axb4 Kf6 56. Bd7 Nf7 57. Bxf5 Nd6 58. Bd7 Ke7 59. Bc6 Kf6
60. Kc3 1-0

[Event "Mondiale Lampo FIDE 2022"]
[Site "Alma Ata"]
[Date "29.12.2022"]
[Round "8.54"]
[White "Sindarov, Javokhir"]
[Black "Christiansen, Johan-Sebastian"]
[Result "0-1"]
[WhiteTitle ""]
[BlackTitle ""]
[WhiteElo "2654"]
[BlackElo "2578"]
[WhiteFideId "14205483"]
[BlackFideId "1512668"]
[EventDate "29.12.2022"]

1. e4 e6 2. Qe2 c5 3. Nf3 Nc6 4. g3 g6 5. Bg2 Bg7 6. h4 h6 7. c3 Nge7 8. O-O e5
9. h5 g5 10. Nh2 d6 11. d3 Be6 12. Na3 Qd7 13. g4 d5 14. Nc2 d4 15. c4 a6 16.
Bd2 b5 17. b3 O-O 18. Bf3 bxc4 19. bxc4 Bxc4 20. dxc4 d3 21. Qe3 dxc2 22. Be2
Nd4 23. Bd3 Rfd8 24. Rac1 Ne6 25. Ba5 Qxd3 26. Bxd8 Qxd8 27. Rxc2 Nc6 28. Rb2
Ncd4 29. Rfb1 Nf4 30. Nf1 Qd7 31. f3 Qa4 32. Rc1 Rd8 33. Kh1 Bf8 34. Ng3 Nde6
35. Qb3 Qa5 36. Qc3 Rd1+ 37. Kh2 Qd8 38. Nf5 Rd3 39. Qxe5 Rd2+ 40. Kh1 Rxb2 41.
Qxb2 Qd3 42. Qf2 Nd4 43. Ne3 Qa3 44. Rb1 Nd3 45. Qf1 Ne5 46. Nd5 Ndxf3 47. Rb7
Qxa2 48. Nf6+ 0-1

[Event "Mondiale Lampo FIDE 2022"]
[Site "Alma Ata"]
[Date "29.12.2022"]
[Round "8.55"]
[White "Niemann, Hans Moke"]
[Black "Cheng, Bobby"]
[Result "1-0"]
[WhiteTitle ""]
[BlackTitle ""]
[WhiteElo "2698"]
[BlackElo "2583"]
[WhiteFideId "2093596"]
[BlackFideId "4300033"]
[EventDate "29.12.2022"]

1. e4 e6 2. Qe2 c5 3. Nf3 Nc6 4. g3 g6 5. Bg2 Bg7 6. O-O Nge7 7. e5 g5 8. Nxg5
Nxe5 9. Nc3 d6 10. d3 N5c6 11. Qh5 Ng6 12. Nge4 O-O 13. Ng5 h6 14. Nf3 Kh7 15.
Bd2 Nd4 16. Nxd4 cxd4 17. Ne4 d5 18. Ng5+ Kg8 19. Nf3 Kh7 20. Rae1 Bd7 21. Bb4
Re8 22. h4 Rc8 23. Re2 e5 24. Ng5+ Kg8 25. Nxf7 Kxf7 26. Bxd5+ Be6 27. Be4 Qf6
28. f4 Kg8 29. Bxg6 Rf8 30. Bxf8 Rxf8 31. Qxe5 Bg4 32. Qxf6 Bxf6 33. Re8 Rxe8
34. Bxe8 Kf8 35. Re1 Be7 36. Bg6 Bd6 37. Re8+ Kg7 38. h5 b6 39. Ra8 a5 40. Ra7+
Kf6 41. Rf7+ Ke6 42. f5+ Kd5 43. Kf2 a4 44. Ra7 b5 45. f6 Ke6 46. f7 Kf6 47. Ra8 1-0

[Event "Mondiale Lampo FIDE 2022"]
[Site "Alma Ata"]
[Date "29.12.2022"]
[Round "8.56"]
[White "Ivic, Velimir"]
[Black "Urazayev, Arystanbek"]
[Result "1-0"]
[WhiteTitle ""]
[BlackTitle ""]
[WhiteElo "2572"]
[BlackElo "2465"]
[WhiteFideId "950122"]
[BlackFideId "13709810"]
[EventDate "29.12.2022"]

1. d4 d5 2. c4 e6 3. Nc3 Nf6 4. cxd5 exd5 5. Bg5 c6 6. e3 h6 7. Bh4 Be7 8. Bd3
O-O 9. Nge2 Ne8 10. Bg3 Nd6 11. O-O Re8 12. Qc2 Bf8 13. Rad1 a5 14. Qc1 Na6 15.
f3 b5 16. e4 b4 17. Na4 dxe4 18. fxe4 Nxe4 19. Bxe4 Rxe4 20. Qxc6 Rxe2 21. Qxa8
Qe8 22. Nb6 Bg4 23. Qxe8 Rxe8 24. Rd2 Rd8 25. d5 Bc5+ 26. Bf2 Bd6 27. Nc4 Bf4
28. Rd4 g5 29. g3 Be2 30. gxf4 1-0

[Event "Mondiale Lampo FIDE 2022"]
[Site "Alma Ata"]
[Date "29.12.2022"]
[Round "8.57"]
[White "Lintchevski, Daniil"]
[Black "Zhalmakhanov, Ramazan"]
[Result "0-1"]
[WhiteTitle ""]
[BlackTitle ""]
[WhiteElo "2548"]
[BlackElo "2401"]
[WhiteFideId "4171055"]
[BlackFideId "13706357"]
[EventDate "29.12.2022"]

1. e4 c5 2. Nf3 Nc6 3. Bb5 e6 4. O-O Nge7 5. Re1 a6 6. Bf1 d5 7. exd5 Qxd5 8.
Nc3 Qd8 9. Ne4 Nf5 10. c3 Be7 11. g4 Nh6 12. h3 f5 13. Ng3 fxg4 14. hxg4 O-O 15.
Bh3 e5 16. Nxe5 Nxe5 17. Rxe5 Bd6 18. Re3 Qh4 19. Kg2 Bxg4 20. Bxg4 Nxg4 21. Rf3
Qh2+ 22. Kf1 Bxg3 0-1

[Event "Mondiale Lampo FIDE 2022"]
[Site "Alma Ata"]
[Date "29.12.2022"]
[Round "8.58"]
[White "Munkhgal, Gombosuren"]
[Black "Maze, Sebastien"]
[Result "0-1"]
[WhiteTitle ""]
[BlackTitle ""]
[WhiteElo "2463"]
[BlackElo "2538"]
[WhiteFideId "4901266"]
[BlackFideId "613762"]
[EventDate "29.12.2022"]

1. d4 Nf6 2. Bf4 b6 3. f3 c5 4. d5 d6 5. e4 g6 6. Qd2 h5 7. Nc3 Bg7 8. a4 a6 9.
h4 Nbd7 10. Nh3 Ne5 11. Ng5 Nh7 12. Nxh7 Rxh7 13. Be2 Bd7 14. O-O Rh8 15. Ra3
Kf8 16. Be3 Kg8 17. Rfa1 Kh7 18. Nd1 e6 19. Nf2 exd5 20. exd5 Qxh4 21. Ne4 Qe7
22. Bg5 f6 23. Be3 Bf5 24. Ng3 Bd7 25. Ne4 Rhe8 26. Re1 Nf7 27. Bf4 f5 28. Nf2
Bh6 29. Bxh6 Nxh6 30. Kf1 Nf7 31. Nh3 Qh4 32. Rb3 Rab8 33. Bxa6 Rxe1+ 34. Qxe1
Qxe1+ 35. Kxe1 Bxa4 36. Re3 Re8 37. Re6 Bd7 38. Rxe8 Bxe8 39. f4 Kg7 40. Ng5 Kf6
41. Ne6 g5 42. g3 gxf4 43. gxf4 Bd7 44. Nc7 Ke7 45. Kf2 Kd8 46. Nb5 Bxb5 47.
Bxb5 Nh8 48. Be2 Ng6 49. Ke3 h4 50. Bh5 Ne7 51. Bf7 b5 52. Kf3 Nc8 53. Kg2 Ke7
54. Be6 Nb6 55. Kh3 Kf6 56. b3 b4 57. Kxh4 c4 58. Kg3 cxb3 59. cxb3 Na4 60. Kf3
Nc5 61. Ke3 Nxb3 62. Bg8 Nc5 63. Kd4 Kg7 64. Be6 Nxe6+ 65. dxe6 Kf6 66. Kc4 Kxe6
67. Kxb4 0-1

[Event "Mondiale Lampo FIDE 2022"]
[Site "Alma Ata"]
[Date "29.12.2022"]
[Round "8.59"]
[White "Suleymenov, Alisher"]
[Black "Narayanan, S.L."]
[Result "0-1"]
[WhiteTitle ""]
[BlackTitle ""]
[WhiteElo "2476"]
[BlackElo "2669"]
[WhiteFideId "13707833"]
[BlackFideId "5058422"]
[EventDate "29.12.2022"]

1. d4 Nf6 2. c4 g6 3. Nc3 Bg7 4. e4 d6 5. h3 O-O 6. Be3 Nc6 7. Nf3 e5 8. d5 Nd4
9. Nxd4 exd4 10. Bxd4 Nxe4 11. Bxg7 Re8 12. Be2 Kxg7 13. Qd4+ Qf6 14. Qxf6+ Kxf6
15. Nxe4+ Rxe4 16. f3 Re7 17. Kf2 Bf5 18. g4 Rae8 19. Rhe1 Bd7 20. h4 h6 21.
Rad1 g5 22. h5 a5 23. b3 Kg7 24. Bd3 Rxe1 25. Rxe1 Rxe1 26. Kxe1 Kf6 27. Kf2 Ke5
28. Ke3 f5 29. Be2 c6 30. dxc6 bxc6 31. Bd1 d5 32. cxd5 cxd5 33. a3 d4+ 34. Kd3
Bb5+ 35. Kd2 fxg4 36. fxg4 Kf4 37. b4 a4 38. Be2 Bd7 39. Kd3 Ke5 40. Kc4 Be6+
41. Kc5 Ke4 42. b5 d3 43. Bd1 Bb3 44. b6 Bxd1 45. b7 d2 46. b8=Q Bb3 47. Qb4+
Ke3 48. Qc3+ Ke2 49. Qb2 Kd3 50. Qb1+ Kc3 51. Qa1+ Kc2 52. Qf6 0-1

[Event "Mondiale Lampo FIDE 2022"]
[Site "Alma Ata"]
[Date "29.12.2022"]
[Round "8.60"]
[White "Tsaruk, Maksim"]
[Black "Gareyev, Timur"]
[Result "1-0"]
[WhiteTitle ""]
[BlackTitle ""]
[WhiteElo "2373"]
[BlackElo "2602"]
[WhiteFideId "13511173"]
[BlackFideId "14200937"]
[EventDate "29.12.2022"]

1. e4 e5 2. Nf3 Nc6 3. Bb5 f5 4. d3 fxe4 5. dxe4 Nf6 6. Nc3 Bb4 7. Qd3 d6 8. O-O
Bxc3 9. Qxc3 Bd7 10. Re1 O-O 11. Qb3+ Kh8 12. c3 Qe8 13. Bd3 Rb8 14. Nd2 Ne7 15.
Nf1 Ng6 16. Be3 a5 17. f3 b5 18. a4 bxa4 19. Qc2 Nh5 20. Ng3 Nhf4 21. Bf1 Nh4
22. Red1 g5 23. c4 Rb3 24. Ra3 g4 25. fxg4 Bxg4 26. Rc1 Rb4 27. c5 d5 28. exd5
Nxd5 29. Bg5 Nf5 30. Nxf5 Bxf5 31. Qe2 Re4 32. Qd2 Rd4 33. Qe2 Rg8 34. Rg3 Qe6
35. Re1 Re4 36. Qd2 Rxe1 37. Qxe1 h6 38. Bd2 Rxg3 39. Qxg3 c6 40. Bxa5 e4 41.
Bc4 e3 42. Bc3+ Nxc3 43. Qb8+ Qc8 44. Qe5+ Kh7 45. Qe7+ Kg6 46. Bf7+ Kg7 47.
Be6+ Kg6 48. Bxc8 1-0

[Event "Mondiale Lampo FIDE 2022"]
[Site "Alma Ata"]
[Date "29.12.2022"]
[Round "8.61"]
[White "Tabatabaei, M. Amin"]
[Black "Batsuren, Dambasuren"]
[Result "0-1"]
[WhiteTitle ""]
[BlackTitle ""]
[WhiteElo "2660"]
[BlackElo "2525"]
[WhiteFideId "12521213"]
[BlackFideId "4902920"]
[EventDate "29.12.2022"]

1. d4 Nf6 2. c4 e6 3. Nc3 Bb4 4. e3 O-O 5. Bd3 d5 6. a3 Bxc3+ 7. bxc3 dxc4 8.
Bxc4 c5 9. Ne2 Qc7 10. Bd3 Rd8 11. e4 Nc6 12. e5 Nd5 13. O-O b6 14. Bg5 Nde7 15.
Qd2 a5 16. Qe3 Ba6 17. Bxa6 Rxa6 18. dxc5 h6 19. Bxe7 Nxe7 20. cxb6 Rxb6 21.
Rab1 Nd5 22. Qd4 Rxb1 23. Rxb1 Rb8 24. Rxb8+ Qxb8 25. g3 Qb2 26. c4 Qxe2 27.
cxd5 exd5 28. Qxd5 Qe1+ 29. Kg2 g5 30. Qd8+ Kh7 31. Qf6 Qe4+ 32. Qf3 Qxe5 33.
Qxf7+ Kh8 34. Qb7 Qc5 35. a4 Qb4 36. Qc6 Kg7 37. h3 Qd2 38. Qc4 Qb4 39. Qc7+ Kg6
40. Qc6+ Kg7 41. Kf3 Qb3+ 42. Kg4 Qf7 43. Qc3+ Kg6 44. Qd3+ Kg7 45. Qd4+ Kg6 46.
Qe4+ Kg7 47. Qf5 Qc4+ 48. Kh5 Qe2+ 49. f3 Qe8+ 50. Kg4 Qxa4+ 51. Kh5 Qe8+ 52.
Kg4 Qa4+ 53. Kh5 Qe8+ 54. Kg4 a4 55. Qa5 Qe6+ 0-1

[Event "Mondiale Lampo FIDE 2022"]
[Site "Alma Ata"]
[Date "29.12.2022"]
[Round "8.62"]
[White "Chigaev, Maksim"]
[Black "Gadimbayli, Abdulla"]
[Result "1-0"]
[WhiteTitle ""]
[BlackTitle ""]
[WhiteElo "2632"]
[BlackElo "2524"]
[WhiteFideId "4108116"]
[BlackFideId "13404938"]
[EventDate "29.12.2022"]

1. e4 e5 2. Bc4 Nf6 3. d3 c6 4. Nf3 d5 5. Bb3 Bb4+ 6. Bd2 Bxd2+ 7. Qxd2 dxe4 8.
Nxe5 O-O 9. dxe4 Qe7 10. Qf4 Nh5 11. Bxf7+ Kh8 12. Qg3 Rxf7 13. Nxf7+ Qxf7 14.
Qd6 Na6 15. Qd8+ Qg8 16. Qxg8+ Kxg8 17. Nc3 Nf4 18. g3 Ng6 19. O-O-O Bg4 20. Rd6
Bf3 21. Re1 Re8 22. Re3 Ne5 23. b3 Nc7 24. h3 Ne6 25. Ne2 h6 26. Nf4 Ng5 27. Rd4
Ne6 28. Rd6 Ng5 29. Nd3 Nxe4 30. Nxe5 Nxd6 31. Nxf3 Rxe3 32. fxe3 Nf5 33. g4
Nxe3 34. Kd2 Nd5 35. c4 Nf4 36. h4 Kf7 37. Ke3 Ne6 38. Ke4 Kf6 39. b4 Nd8 40.
Ne5 Ne6 41. Nd7+ Ke7 42. Ne5 Kf6 43. a3 Nd8 44. Nd7+ Ke7 45. Ne5 Kf6 46. Nd7+
Ke7 47. Nc5 b6 48. Nd3 Nf7 49. Kf5 Nd6+ 50. Kg6 Nxc4 51. Kxg7 Nxa3 52. Kxh6 Nc4
53. g5 Nd6 54. Kg6 a5 55. bxa5 bxa5 56. Nc5 Nf7 57. h5 Ne5+ 58. Kg7 Nf3 59. g6
Nd4 60. h6 Nf5+ 61. Kh7 1-0

[Event "Mondiale Lampo FIDE 2022"]
[Site "Alma Ata"]
[Date "29.12.2022"]
[Round "8.63"]
[White "Khripachenko, Alexander"]
[Black "Dardha, Daniel"]
[Result "0-1"]
[WhiteTitle ""]
[BlackTitle ""]
[WhiteElo "2219"]
[BlackElo "2606"]
[WhiteFideId "54184975"]
[BlackFideId "240990"]
[EventDate "29.12.2022"]

1. e4 e5 2. Nf3 Nc6 3. Bc4 Bc5 4. c3 Nf6 5. d3 d6 6. Nbd2 a5 7. Qe2 O-O 8. Nf1
Be6 9. Bb5 a4 10. Ng3 Ra5 11. Bxc6 bxc6 12. O-O Bb6 13. d4 exd4 14. Nxd4 Bd7 15.
Kh1 Re8 16. f3 Nh5 17. Qf2 Qf6 18. Be3 Nxg3+ 19. Qxg3 c5 20. Ne2 Qg6 21. Nf4
Qxg3 22. hxg3 Rb5 23. Rf2 Bc6 24. Rd2 f5 25. Kg1 fxe4 26. Kf2 Ba7 27. Re1 Rbb8
28. Ree2 Rf8 29. Nd5 exf3 30. gxf3 Rf7 31. f4 Re8 32. b4 axb3 33. axb3 Bxd5 34.
Rxd5 Rfe7 35. Kf3 c4 36. Bxa7 Rxe2 37. bxc4 Rc2 38. c5 Rxc3+ 39. Kg4 dxc5 40.
Rd7 h5+ 41. Kxh5 Rxg3 42. Bxc5 Re6 43. Kh4 Rg2 44. Kh3 Rc2 45. Bd4 Rh6+ 46. Kg3
Rg6+ 47. Kf3 Rd2 48. Ke3 Rd1 49. Ke2 Rc1 50. Be5 c5 51. f5 Rg5 52. Bf4 Rg2+ 53.
Kf3 Rcc2 54. Be5 Rcf2+ 55. Ke4 Rg4+ 56. Kd5 Rxf5 57. Ke6 Rh5 58. Ba1 Rg6+ 59.
Ke7 c4 60. Rc7 Rh4 61. Ke8 Re6+ 62. Kd8 Rg4 63. Kd7 Re1 64. Bc3 Re3 0-1

[Event "Mondiale Lampo FIDE 2022"]
[Site "Alma Ata"]
[Date "29.12.2022"]
[Round "8.64"]
[White "Harsha, Bharathakoti"]
[Black "Isanzhulov, Arystan"]
[Result "1/2-1/2"]
[WhiteTitle ""]
[BlackTitle ""]
[WhiteElo "2593"]
[BlackElo "2313"]
[WhiteFideId "5078776"]
[BlackFideId "13711644"]
[EventDate "29.12.2022"]

1. c4 Nf6 2. Nc3 d6 3. e4 c5 4. Nge2 g6 5. d4 cxd4 6. Nxd4 Bg7 7. Be2 O-O 8. Be3
a5 9. f3 Nc6 10. Ndb5 Be6 11. O-O Rc8 12. b3 Nd7 13. Rc1 Nb4 14. Qd2 Nc5 15. Rb1
f5 16. exf5 Bxf5 17. Rbd1 Be6 18. Bd4 Bxd4+ 19. Nxd4 Bd7 20. f4 Qe8 21. Bf3 Qf7
22. g3 Kh8 23. Bg2 Qg7 24. Ne4 Nxe4 25. Bxe4 Nc6 26. Nxc6 Bxc6 27. Bxc6 bxc6 28.
Qxa5 Ra8 29. Qd2 Ra3 30. Qg2 Rfa8 31. Rf2 c5 32. Re2 R8a7 33. Rde1 Qf6 34. Qf2
Kg7 35. h3 Kf7 36. Kh2 Qd4 37. Qg2 Kf8 38. Rd2 Qxd2 39. Qxd2 Rxa2 40. Re2 Rxd2
41. Rxd2 Ra1 42. Kg2 Ke8 43. g4 Kf7 44. Kg3 Rf1 45. Rd3 Kf6 46. Re3 Rd1 47. Kf2
Rd2+ 48. Kg3 Rd1 49. Kf3 Rd2 50. Re2 Rd3+ 51. Re3 Rd2 52. g5+ Kf7 53. h4 Rd1 54.
Kg2 Rd2+ 55. Kg3 Rd1 56. Kg4 e6 57. Kg3 Rd2 58. Kf3 Rd1 59. Kg2 Rd4 60. Kg3 Rd2 1/2-1/2

[Event "Mondiale Lampo FIDE 2022"]
[Site "Alma Ata"]
[Date "29.12.2022"]
[Round "8.65"]
[White "Begmuratov, Khumoyun"]
[Black "Alonso Rosell, Alvar"]
[Result "0-1"]
[WhiteTitle ""]
[BlackTitle ""]
[WhiteElo "2399"]
[BlackElo "2561"]
[WhiteFideId "14210207"]
[BlackFideId "2270544"]
[EventDate "29.12.2022"]

1. e4 e5 2. Nf3 Nc6 3. Nc3 Nf6 4. d4 exd4 5. Nxd4 Bb4 6. Nxc6 bxc6 7. Bd3 O-O 8.
O-O d5 9. exd5 cxd5 10. h3 Rb8 11. Qf3 Be7 12. Ne2 c5 13. c3 Rb6 14. b3 Re8 15.
Ng3 Bb7 16. Nf5 Bf8 17. Qg3 Qd7 18. Bf4 Ne4 19. Bxe4 Rxe4 20. Nh4 Rf6 21. Bg5
Bd6 22. Qd3 Rfe6 23. Nf3 Ba6 24. Qxd5 Bh2+ 25. Nxh2 Qxd5 26. Rfd1 Qxg5 0-1

[Event "Mondiale Lampo FIDE 2022"]
[Site "Alma Ata"]
[Date "29.12.2022"]
[Round "8.66"]
[White "Burmakin, Vladimir"]
[Black "Gurel, Ediz"]
[Result "0-1"]
[WhiteTitle ""]
[BlackTitle ""]
[WhiteElo "2498"]
[BlackElo "2454"]
[WhiteFideId "4105109"]
[BlackFideId "44507356"]
[EventDate "29.12.2022"]

1. Nf3 Nf6 2. g3 d5 3. Bg2 c5 4. O-O Nc6 5. d4 Bg4 6. Ne5 cxd4 7. Nxg4 Nxg4 8.
e3 Nf6 9. exd4 e6 10. c3 Bd6 11. Be3 O-O 12. Nd2 b5 13. b3 Rc8 14. c4 bxc4 15.
bxc4 dxc4 16. Nxc4 Be7 17. Qa4 Nxd4 18. Ne5 Bc5 19. Rfe1 Qd6 20. Rad1 Ne2+ 21.
Rxe2 Qxe5 22. Rde1 Bxe3 23. Rxe3 Qc5 24. Ra3 Ng4 25. Rf1 Rc7 26. h3 Nf6 27. Qa5
Qxa5 28. Rxa5 Rb8 29. Rd1 h5 30. Bf3 g6 31. a4 Rb2 32. Rb5 Ra2 33. a5 Rcc2 34.
Rf1 Kg7 35. Bb7 Nd7 36. a6 Nc5 37. Rb4 Nxa6 0-1

[Event "Mondiale Lampo FIDE 2022"]
[Site "Alma Ata"]
[Date "29.12.2022"]
[Round "8.67"]
[White "Mamedov, Edgar"]
[Black "Khusnutdinov, Rustam"]
[Result "0-1"]
[WhiteTitle ""]
[BlackTitle ""]
[WhiteElo "2283"]
[BlackElo "2441"]
[WhiteFideId "13739980"]
[BlackFideId "13701703"]
[EventDate "29.12.2022"]

1. Nf3 d5 2. d4 e6 3. Bf4 c5 4. c3 Nc6 5. e3 Nf6 6. Nbd2 Nh5 7. Be5 f6 8. Bg3 g6
9. Bd3 cxd4 10. exd4 Bg7 11. O-O O-O 12. Re1 Nxg3 13. hxg3 e5 14. c4 Nb4 15. Bf1
e4 16. Nh2 f5 17. cxd5 Nxd5 18. Nc4 Be6 19. Qd2 Qf6 20. Ne5 Rad8 21. f4 Ne7 22.
Rad1 Rd6 23. Qb4 Rb6 24. Qa3 Rd8 25. Bc4 Bxc4 26. Nxc4 Rc6 27. Ne5 Rcd6 28. Qb3+
Qe6 29. Qxe6+ Rxe6 30. Nf1 Red6 31. Ne3 Rxd4 32. Rxd4 Rxd4 33. Rc1 Bxe5 34. fxe5
Nc6 35. Rc5 Kf7 36. Nd5 Rd1+ 37. Kf2 Rd2+ 38. Ke3 Rxg2 39. Nf4 Rxg3+ 40. Kd2 Rf3
41. Nd5 h5 42. Nc7 h4 43. Rd5 Rd3+ 0-1

[Event "Mondiale Lampo FIDE 2022"]
[Site "Alma Ata"]
[Date "29.12.2022"]
[Round "8.68"]
[White "Jobava, Baadur"]
[Black "Uskov, Artem"]
[Result "1-0"]
[WhiteTitle ""]
[BlackTitle ""]
[WhiteElo "2578"]
[BlackElo "2376"]
[WhiteFideId "13601520"]
[BlackFideId "34254854"]
[EventDate "29.12.2022"]

1. b3 e5 2. Bb2 Nc6 3. Nf3 Bd6 4. e3 Nf6 5. d3 O-O 6. Nbd2 Qe7 7. Be2 Ba3 8.
Bxa3 Qxa3 9. c4 Qe7 10. O-O d5 11. cxd5 Nxd5 12. Qc2 Be6 13. a3 Rad8 14. Rfc1 f6
15. h3 a6 16. b4 Bf7 17. Qb2 a5 18. b5 Na7 19. Ne4 b6 20. Ng3 Qd7 21. d4 exd4
22. Nxd4 Rfe8 23. Bf3 Re5 24. Rd1 Qe8 25. Rac1 h5 26. a4 Qe7 27. Qa1 Rd7 28. Rd2
Rg5 29. Ndf5 Qd8 30. Rcd1 c6 31. e4 cxb5 32. exd5 b4 33. h4 Rxf5 34. Nxf5 b5 35.
d6 Kf8 36. axb5 Nxb5 37. Bc6 Nc3 38. Bxd7 Qxd7 39. Qxa5 1-0

[Event "Mondiale Lampo FIDE 2022"]
[Site "Alma Ata"]
[Date "29.12.2022"]
[Round "8.69"]
[White "Vetokhin, Savva"]
[Black "Saraci, Nderim"]
[Result "1-0"]
[WhiteTitle ""]
[BlackTitle ""]
[WhiteElo "2354"]
[BlackElo "2468"]
[WhiteFideId "44144474"]
[BlackFideId "6351921"]
[EventDate "29.12.2022"]

1. Nf3 d5 2. g3 Nf6 3. Bg2 g6 4. O-O Bg7 5. d4 O-O 6. Nbd2 c5 7. c3 Qc7 8. dxc5
Qxc5 9. Nb3 Qd6 10. Bf4 Qd8 11. Nbd4 Nc6 12. Qb3 e6 13. Rfd1 Nd7 14. Nb5 a6 15.
Nd6 Na5 16. Qc2 Qb6 17. Nxc8 Raxc8 18. e4 Nf6 19. exd5 Nxd5 20. Be5 Nc4 21. Bxg7
Kxg7 22. Rab1 Rfd8 23. Qe2 Nf6 24. Rxd8 Qxd8 25. Ne5 Nxe5 26. Qxe5 Rc7 27. g4 h6
28. h4 Kg8 29. g5 hxg5 30. hxg5 Nh5 31. Bf3 Rd7 32. Kg2 Ng7 33. Rh1 Nf5 34. Rh8# 1-0

[Event "Mondiale Lampo FIDE 2022"]
[Site "Alma Ata"]
[Date "29.12.2022"]
[Round "8.70"]
[White "Korelskiy, Egor"]
[Black "Puranik, Abhimanyu"]
[Result "0-1"]
[WhiteTitle ""]
[BlackTitle ""]
[WhiteElo "2153"]
[BlackElo "2616"]
[WhiteFideId "34329064"]
[BlackFideId "5061245"]
[EventDate "29.12.2022"]

1. e4 e5 2. Nf3 Nc6 3. Bb5 a6 4. Ba4 Nf6 5. O-O b5 6. Bb3 Bb7 7. Re1 Bc5 8. c3
d6 9. d4 Bb6 10. h3 h6 11. Bc2 O-O 12. Be3 exd4 13. cxd4 Nb4 14. Nbd2 Nxc2 15.
Qxc2 Rc8 16. d5 c6 17. Bxb6 Qxb6 18. dxc6 Rxc6 19. Qd3 Re8 20. Rad1 Rc7 21. Nd4
Bc8 22. Kh1 Rce7 23. Re3 d5 24. Rde1 dxe4 25. Nxe4 Nd5 26. Rg3 Nf4 27. Qc3 f6
28. Rge3 Kh8 29. Qd2 Rd8 30. Rd1 Red7 31. g3 Rxd4 32. Qe1 Rxd1 0-1

[Event "Mondiale Lampo FIDE 2022"]
[Site "Alma Ata"]
[Date "29.12.2022"]
[Round "8.71"]
[White "Fedorov, Alexei"]
[Black "Kostenko, Petr"]
[Result "1-0"]
[WhiteTitle ""]
[BlackTitle ""]
[WhiteElo "2475"]
[BlackElo "2374"]
[WhiteFideId "13500465"]
[BlackFideId "13700669"]
[EventDate "29.12.2022"]

1. e4 c6 2. Ne2 d5 3. e5 c5 4. d4 Nc6 5. c3 Bf5 6. dxc5 Nxe5 7. Ng3 Bg6 8. f4
Bxb1 9. fxe5 Qa5 10. Rxb1 Qxc5 11. Qa4+ Kd8 12. Qd4 Qc6 13. Bd3 e6 14. Be3 h5
15. O-O f5 16. c4 h4 17. cxd5 Qd7 18. Ne2 Ne7 19. dxe6 Qxd4 20. Nxd4 g6 21. Bg5
Bh6 22. Bxh6 Rxh6 23. Rfd1 a6 24. Rbc1 Rc8 25. Nf3 Rxc1 26. Rxc1 Rh5 27. Be2 f4
28. Rd1+ Ke8 29. Rd7 h3 30. Rxb7 Nf5 31. Bxa6 hxg2 32. Bb5+ Kd8 33. Rd7+ Kc8 34.
e7 Rh8 35. Ra7 Kb8 36. e8=Q+ Rxe8 37. Bxe8 1-0

[Event "Mondiale Lampo FIDE 2022"]
[Site "Alma Ata"]
[Date "29.12.2022"]
[Round "8.72"]
[White "Arjun, Kalyan"]
[Black "Averin, Nikolay"]
[Result "1/2-1/2"]
[WhiteTitle ""]
[BlackTitle ""]
[WhiteElo "2505"]
[BlackElo "2342"]
[WhiteFideId "35018701"]
[BlackFideId "24250473"]
[EventDate "29.12.2022"]

1. e4 Nf6 2. e5 Nd5 3. c4 Nb6 4. d4 d6 5. f4 dxe5 6. fxe5 Nc6 7. Be3 Bf5 8. Nc3
e6 9. Nf3 Be7 10. Be2 O-O 11. O-O f6 12. exf6 Bxf6 13. Qd2 Qe8 14. Rad1 Rd8 15.
Qc1 Qg6 16. Kh1 Rd7 17. Rd2 Rfd8 18. Rfd1 Bg4 19. d5 Bxc3 20. Qxc3 exd5 21. Bxb6
axb6 22. cxd5 Bxf3 23. Bxf3 Ne7 24. h3 Qf6 25. Qc4 Kh8 26. Bg4 Nf5 27. Qf4 Rf7
28. Re2 Rdf8 29. Bxf5 Qxf5 30. Qxf5 Rxf5 31. Re7 R5f7 32. Rde1 Kg8 33. Kg1 Rxe7
34. Rxe7 Rf7 35. Re8+ Rf8 36. Re5 Kf7 37. Kf2 Ra8 38. a3 Ra5 39. Ke3 c6 40. Ke4
Ra4+ 41. Kd3 Ra5 42. Kc4 Ra4+ 43. Kc3 Ra5 44. Kd4 Ra4+ 45. Kd3 Ra5 46. Ke4 Ra4+
47. Ke3 Ra5 48. Rf5+ Ke7 49. Ke4 Ra4+ 50. Ke5 cxd5 51. Rf3 Ra5 52. Rb3 b5 53.
Kxd5 b4+ 54. Kc4 bxa3 55. bxa3 Kf6 56. Rb6+ Kg5 57. Kb4 Ra7 58. a4 Kf4 59. Ka3
Kg3 60. Rb2 g5 61. Kb4 h5 62. a5 h4 63. Ka4 b6 64. Rxb6 Kxg2 65. Rg6 Kxh3 66.
Rxg5 Kh2 67. Kb5 h3 68. Kb6 Ra8 69. Kb7 Rxa5 70. Rxa5 Kg2 71. Ra2+ Kg1 72. Ra1+
Kg2 73. Ra2+ Kg1 74. Kc6 h2 75. Ra1+ Kg2 76. Kd5 h1=Q 77. Rxh1 1/2-1/2

[Event "Mondiale Lampo FIDE 2022"]
[Site "Alma Ata"]
[Date "29.12.2022"]
[Round "8.73"]
[White "Petkov, Momchil"]
[Black "Nissinen, Niilo Man"]
[Result "1-0"]
[WhiteTitle ""]
[BlackTitle ""]
[WhiteElo "2531"]
[BlackElo "1996"]
[WhiteFideId "2921642"]
[BlackFideId "30950767"]
[EventDate "29.12.2022"]

1. d4 Nf6 2. Nf3 g6 3. c4 Bg7 4. Nc3 d5 5. e3 O-O 6. cxd5 Nxd5 7. Bc4 Nxc3 8.
bxc3 c5 9. O-O b6 10. Qe2 Bb7 11. Ba3 Qc7 12. Rad1 Nd7 13. e4 Rac8 14. Bd3 e5
15. Bb5 Rfd8 16. d5 f5 17. d6 Qb8 18. Bc4+ Kh8 19. Ng5 Rf8 20. exf5 gxf5 21. Qh5
Nf6 22. Nf7+ Kg8 23. Nxe5+ Kh8 24. Ng6# 1-0